HARD TWENTY ONE PILOTS QUIZ - Statistics

General Stats
  • This quiz has been taken 484 times
  • The average score is 6 of 15
Answer Stats
Hint Answer % Correct
how many people are In twenty one pilots 2
99%
does Josh love corn yes
80%
who is dog breath tyler
79%
Does Josh like candy corn no
74%
what sport did tyler play in high School basketball
69%
how many released albums do they have 3
64%
what food do they both hate bananas
44%
what is josh favorite movie fight club
29%
what are their full names Joshua William Dun and Tyler Robert Joseph
15%
where is tyler kimono from forever 21
14%
what is one of the nicknames that tyler has for josh baby boy
3%
what is the main thing josh orders at Taco Bell cheesy gordita crunch
3%
what are josh siblings names Jordan, Ashley, Abigail
3%
why doesn't josh read fan fiction cause he writes most of it
1%
what is 4579 their tour bus code
1%
No matching quizzes found
Score Distribution
Percent of People with Each Score
Percentile by Number Answered
Your Score History
You have not taken this quiz